SNL - Tracy Morgan Impressions Quiz Stats

 Plays Quiz Updated Feb 6, 2018

Challenge
Share
Tweet
Score 0/15 Timer 03:00
3 Plays Today
% Correct
Shaquille O’Neal
97.7%
Samuel L. Jackson
96.3%
Venus Williams
95.8%
Mr. T
95.7%
Mike Tyson
92.4%
Louis Armstrong
92.2%
Aretha Franklin
91%
Al Sharpton
89.2%
% Correct
Lou Bega
86.6%
Della Reese
82.5%
Busta Rhymes
82%
Sean “Puff Daddy” Combs
81.6%
Star Jones
81%
Marion Barry
72.9%
Maya Angelou
65%

You're not logged in!

Compare scores with friends on all Sporcle quizzes.
Join for Free
OR
Log In

You Might Also Like...

Show Comments

Extras

Top Quizzes Today


Score Distribution

Your Account Isn't Verified!

In order to create a playlist on Sporcle, you need to verify the email address you used during registration. Go to your Sporcle Settings to finish the process.

Report this User

Report this user for behavior that violates our Community Guidelines.

Details: